000
00316nam a2200133Ia 4500
008
151001s9999||||xx |||||||||||||| ||und||
100
_a
अविनाश भट्ट
245
_a
ट्रिपल
250
_a
1
260
_b
पुण्य
260
_c
2000
300
_a
280
365
_b
21
999
_c
978136
_d
978133